| 000 | 02924nam0a2200445 4500 | ||
|---|---|---|---|
| 001 | RU\NLR\BIBL_A\011733144 | ||
| 005 | 20250630160247.0 | ||
| 020 |
_aRU _b15772 _9Сводный каталог листовок первых лет Советской власти (25 октября (7 ноября) 1917 - 1925) Т.5. Листовки советских, партийных, профсоюзных, комсомольских и других организаций Уральской области, автономных областей и республик РСФСР. Ч.2 |
||
| 035 | _a(NLR Aleph) 011733144 | ||
| 090 |
_a11538448 _c11538448 |
||
| 100 | _a20180619d1920 |||y0rusy50 ca | ||
| 101 | 0 | _arus | |
| 102 | _aRU | ||
| 105 | _ay z 000zy | ||
| 135 | _acrcn 024apada | ||
| 200 | 1 |
_aПриказ № 4 Покровского исполнительного комитета Совета раб. и кр. депутатов: [О сдаче натурального налога в Райпродком не позднее 15 окт. 1920 г. _eлистовка _fПокровский уезд. исполнительный комитет Советов] |
|
| 210 |
_a[Покровск _cб.и.] _d1920, [сент.-окт.] |
||
| 215 |
_a1 с. _d14х15 |
||
| 300 | _aПодпись: В. Никитин | ||
| 325 | 1 | _aКопия доступна в Электронной библиотеке РНБ | |
| 517 | 1 | _aО сдаче натурального налога в Райпродком не позднее 15 окт. 1920 г. | |
| 607 |
_aРСФСР _jЛистовки _xПолитика и управление _y1917 - 1925 _92312782 _3RU\NLR\auth\6601609564 |
||
| 686 | 0 | _aТ3(2)71-313,011 | |
| 686 | 0 | _aТ3(29=Н)71-313,011 | |
| 702 | 1 |
_aНикитин _bВ. _cучастник местного самоуправления, г. Покровск _4720 |
|
| 710 | 0 | 2 |
_aПокровский уездный Совет рабочих и крестьянских депутатов _bИсполнительный комитет _cАвтономная область немцев Поволжья _9638352 _3RU\NLR\AUTH\880488985 |
| 712 | 0 | 2 |
_4570 _aПокровский уездный исполнительный комитет Советов _cАвтономная область немцев Поволжья _9639298 _3RU\NLR\AUTH\880489457 |
| 852 | 0 | 0 |
_aNLR _bФЛ _j39/138 |
| 856 | 0 | _uhttps://vivaldi.nlr.ru/ll700004181/view | |
| 856 | 1 | _uhttps://vivaldi.nlr.ru/ll700004181/cover | |
| 856 | 2 | _uhttps://vivaldi.nlr.ru/ll700004181/text | |
| 942 | _cBOOK | ||
| 980 | _aNB | ||
| 981 | 2 | 1 |
_a(21) Листовки _b(21) Листовки 1920 года |